[Event "España ch 2009 femenino"]
[Site "Almansa ESP"]
[Date "2009.07.29"]
[Round "3.6"]
[White "Garcia Vicente, Nieves"]
[Black "Redondo Arguelles, Graciela"]
[Result "1-0"]
[WhiteElo "2193"]
[BlackElo "2062"]
[PlyCount "93"]
[EventDate "2009.07.28"]
[EventType "swiss"]
[EventRounds "9"]
[EventCountry "ESP"]
[Source "lmi"]
[SourceDate "2009.07.28"]

1. d4 d6 2. Nf3 Nd7 3. c4 e5 4. Nc3 Ngf6 5. e4 c6 6. Be2 Be7 7. O-O O-O 8. Re1
Re8 9. Bf1 a6 10. h3 Bf8 11. Rb1 Qc7 12. b4 b5 13. Bg5 h6 14. Be3 bxc4 15. dxe5
Nxe5 16. Nxe5 dxe5 17. Bxc4 a5 18. bxa5 Qxa5 19. Qb3 Be6 20. Bxe6 Rxe6 21. Qc4
Qa6 22. Qxa6 Rxa6 23. Rb8 Re8 24. Reb1 Bd6 25. Rxe8+ Nxe8 26. a4 Kf8 27. Rb6
Rxb6 28. Bxb6 Nc7 29. Kf1 Ke7 30. Ke2 Kd7 31. Kd3 Na6 32. Kc4 Bc7 33. Be3 Ba5
34. Ne2 h5 35. Nc1 Kd6 36. Nd3 g6 37. Bc1 Bb6 38. Bb2 f6 39. Ba3+ Kd7 40. Nc5+
Nxc5 41. Bxc5 Bd8 42. f3 Kc7 43. g4 hxg4 44. fxg4 Kd7 45. Bb4 Ke6 46. a5 f5 47.
a6 1-0

[Event "España ch 2009 femenino"]
[Site "Almansa ESP"]
[Date "2009.07.29"]
[Round "3.7"]
[White "Gil Quilez, Sonia"]
[Black "Fidalgo Fernandez, Lucia"]
[Result "1-0"]
[WhiteElo "2017"]
[BlackElo "2131"]
[PlyCount "131"]
[EventDate "2009.07.28"]
[EventType "swiss"]
[EventRounds "9"]
[EventCountry "ESP"]
[Source "lmi"]
[SourceDate "2009.07.28"]

1. d4 Nf6 2. c4 c5 3. d5 b5 4. cxb5 a6 5. b6 g6 6. Nc3 d6 7. e4 Qxb6 8. Nf3 Bg7
9. Nd2 Nbd7 10. a4 O-O 11. a5 Qc7 12. Be2 e6 13. Nc4 e5 14. O-O Ne8 15. Na4 f5
16. Nab6 Nxb6 17. axb6 Qf7 18. f3 Qe7 19. Na5 Bb7 20. Qb3 h6 21. Nc6 Qd7 22.
Bxa6 Bxa6 23. Rxa6 Rxa6 24. b7 Nf6 25. b8=Q Rxb8 26. Nxb8 Qa7 27. Nxa6 Qxa6 28.
Qc2 Qb5 29. Rd1 fxe4 30. fxe4 Qb4 31. Qe2 Nxe4 32. Qf3 Nf6 33. Bxh6 Qxb2 34.
Bg5 Nh7 35. Be7 Qb8 36. Qg4 c4 37. Qe6+ Kh8 38. Qxd6 Qb3 39. Rf1 Qe3+ 40. Kh1
Qe2 41. Rg1 Qf2 42. Qc5 Qxc5 43. Bxc5 c3 44. Rc1 e4 45. Bb4 Nf6 46. Bxc3 Nxd5
47. Bxg7+ Kxg7 48. Re1 e3 49. Kg1 Kf6 50. Ra1 Kf5 51. Kf1 Ke4 52. Ra8 Nf4 53.
Ra4+ Ke5 54. g3 Nd5 55. Rc4 Kd6 56. Ke2 Ke5 57. Rc5 Ke4 58. Rxd5 Kxd5 59. Kxe3
Ke5 60. Kf3 Kf5 61. g4+ Ke5 62. h4 Ke6 63. Ke4 Kd6 64. Kf4 Ke6 65. Kg5 Kf7 66.
Kh6 1-0

[Event "España ch 2009 femenino"]
[Site "Almansa ESP"]
[Date "2009.07.29"]
[Round "3.8"]
[White "Rodriguez Vinuesa, Azahara"]
[Black "Martinez Gonzalez, Maria Asuncion"]
[Result "1-0"]
[WhiteElo "2106"]
[BlackElo "1995"]
[PlyCount "129"]
[EventDate "2009.07.28"]
[EventType "swiss"]
[EventRounds "9"]
[EventCountry "ESP"]
[Source "lmi"]
[SourceDate "2009.07.28"]

1. e4 c5 2. Nf3 d6 3. c3 Nf6 4. Bd3 g6 5. Bc2 Nc6 6. h3 Bg7 7. d4 cxd4 8. cxd4
O-O 9. Nc3 a6 10. a4 Bd7 11. O-O Rc8 12. e5 Ne8 13. Qe2 e6 14. Rd1 d5 15. Bg5
Qc7 16. Qd2 f6 17. exf6 Nxf6 18. Bd3 Na5 19. Qe3 Qd6 20. Ne5 Nc4 21. Bxc4 dxc4
22. Qe2 b5 23. axb5 axb5 24. Bxf6 Bxf6 25. Ne4 Qc7 26. Nxd7 Qxd7 27. Nc5 Qe7
28. Nxe6 Rfe8 29. d5 b4 30. Rac1 c3 31. bxc3 bxc3 32. Qd3 Qd6 33. Rc2 Re7 34.
Qf3 Rf7 35. Qg4 Re8 36. Rcc1 Rb7 37. Qa4 Rc8 38. Qe4 Rb2 39. Nd4 Bxd4 40. Qxd4
Rb4 41. Qd3 Rbc4 42. Rc2 R4c5 43. g3 Rd8 44. Rxc3 Rxd5 45. Qxd5+ Qxd5 46. Rxd5
Rxd5 47. Rc7 Rf5 48. Kg2 Rb5 49. g4 Ra5 50. Kg3 Ra3+ 51. f3 Rb3 52. h4 Rb5 53.
Kf4 Rb4+ 54. Kg5 Rb3 55. f4 Rb5+ 56. Kh6 Rb4 57. Rg7+ Kf8 58. Kxh7 Rxf4 59.
Rxg6 Rb4 60. Kh6 Kf7 61. h5 Rb5 62. Ra6 Rc5 63. g5 Rc7 64. g6+ Ke7 65. g7 1-0

[Event "España ch 2009 femenino"]
[Site "Almansa ESP"]
[Date "2009.07.30"]
[Round "4.1"]
[White "Calzetta Ruiz, Monica"]
[Black "Vega Gutierrez, Belinda"]
[Result "1-0"]
[WhiteElo "2344"]
[BlackElo "2254"]
[PlyCount "115"]
[EventDate "2009.07.28"]
[EventType "swiss"]
[EventRounds "9"]
[EventCountry "ESP"]
[Source "lmi"]
[SourceDate "2009.07.28"]

1. e4 e5 2. Nf3 Nc6 3. Bb5 a6 4. Ba4 Nf6 5. O-O b5 6. Bb3 Bc5 7. c3 d6 8. d4
Bb6 9. h3 h6 10. Be3 O-O 11. Nbd2 Re8 12. Re1 Bb7 13. d5 Na5 14. Bxb6 cxb6 15.
Bc2 Rc8 16. Nf1 Nc4 17. Qc1 Nh5 18. b3 Na5 19. Re3 f5 20. c4 fxe4 21. Bxe4 Rf8
22. Qd1 Nf4 23. Ng3 Rc7 24. Kh2 Bc8 25. cxb5 axb5 26. Rc1 b4 27. Rxc7 Qxc7 28.
Qd2 Qc5 29. Re1 Qc3 30. Qxc3 bxc3 31. Rc1 Bb7 32. Nf5 g6 33. Nxd6 Bxd5 34. Rxc3
Rd8 35. Bxd5+ Nxd5 36. Rc8 Rxc8 37. Nxc8 Nc6 38. Kg1 Kf7 39. Nd6+ Ke6 40. Ne4
Ncb4 41. a3 Nc2 42. a4 Ndb4 43. Kf1 Na1 44. Ned2 Nd3 45. Ne1 Nc5 46. Nc4 Naxb3
47. Nxb6 Na5 48. Nc2 Kd6 49. Ne3 Kc6 50. Nbc4 Nxc4 51. Nxc4 Kd5 52. Ne3+ Kd6
53. a5 h5 54. Ke2 e4 55. Nc2 Na6 56. Ke3 Ke5 57. h4 Nc7 58. Nb4 1-0

[Event "España ch 2009 femenino"]
[Site "Almansa ESP"]
[Date "2009.07.30"]
[Round "4.2"]
[White "Guadamuro Torrente, Anabel"]
[Black "Vega Gutierrez, Sabrina"]
[Result "1/2-1/2"]
[WhiteElo "2136"]
[BlackElo "2352"]
[PlyCount "67"]
[EventDate "2009.07.28"]
[EventType "swiss"]
[EventRounds "9"]
[EventCountry "ESP"]
[Source "lmi"]
[SourceDate "2009.07.28"]

1. e4 c5 2. Nf3 e6 3. g3 Nc6 4. Bg2 d6 5. O-O a6 6. d4 cxd4 7. Nxd4 Bd7 8. Nc3
Nf6 9. Be3 Qc7 10. a4 Be7 11. Kh1 O-O 12. f4 Nxd4 13. Bxd4 e5 14. Be3 b5 15.
fxe5 dxe5 16. Bg5 Be6 17. Nd5 Bxd5 18. exd5 Qd6 19. Qd3 e4 20. Qd4 Rac8 21.
axb5 axb5 22. Bxf6 Bxf6 23. Qxe4 Rc4 24. Qd3 Bxb2 25. Rab1 Qb4 26. Rfd1 Rd8 27.
Qf5 g6 28. Qg5 Rd6 29. Qe7 Rxc2 30. Rf1 f5 31. Qe8+ Kg7 32. Qe7+ Kg8 33. Qe8+
Kg7 34. Qe7+ 1/2-1/2

[Event "España ch 2009 femenino"]
[Site "Almansa ESP"]
[Date "2009.07.30"]
[Round "4.3"]
[White "Grau Carreras, Monica"]
[Black "Garcia Vicente, Nieves"]
[Result "0-1"]
[WhiteElo "2084"]
[BlackElo "2193"]
[PlyCount "110"]
[EventDate "2009.07.28"]
[EventType "swiss"]
[EventRounds "9"]
[EventCountry "ESP"]
[Source "lmi"]
[SourceDate "2009.07.28"]

1. e4 e5 2. Nf3 Nc6 3. d4 exd4 4. Bc4 Nf6 5. e5 d5 6. Bb5 Ne4 7. Nxd4 Bc5 8.
Be3 Bd7 9. Bxc6 bxc6 10. O-O Qe7 11. Qh5 O-O 12. Nf5 Bxf5 13. Bxc5 Qxc5 14.
Qxf5 Rae8 15. Nc3 Nxc3 16. bxc3 Qxc3 17. Rae1 g6 18. Qd7 Rxe5 19. Rxe5 Qxe5 20.
Qxc6 d4 21. h3 Rd8 22. Rb1 Qd6 23. Qb7 Qc5 24. Qe4 Qd5 25. Qe7 Qd6 26. Qe4 d3
27. cxd3 Qxd3 28. Qb7 Qc2 29. Re1 Rd1 30. Rxd1 Qxd1+ 31. Kh2 Qd6+ 32. Kg1 Qd1+
33. Kh2 Qd6+ 34. Kg1 a6 35. Qb8+ Kg7 36. Qb2+ Qf6 37. Qc2 Qe5 38. a4 h5 39. g3
a5 40. Qc4 c5 41. h4 Qe1+ 42. Kg2 Qb4 43. Qd5 Qxa4 44. Qe5+ Kh7 45. Qxc5 Qe4+
46. Kg1 a4 47. Qf8 Qb1+ 48. Kg2 Qb3 49. f4 a3 50. f5 gxf5 51. Qc5 Qd3 52. Qa5
Qc2+ 53. Kh3 a2 54. Qe5 Qe4 55. Qa1 Qb1 0-1

[Event "España ch 2009 femenino"]
[Site "Almansa ESP"]
[Date "2009.07.30"]
[Round "4.4"]
[White "Gil Quilez, Sonia"]
[Black "Gonzalez Perez, Lutgarda"]
[Result "1/2-1/2"]
[WhiteElo "2017"]
[BlackElo "2140"]
[PlyCount "78"]
[EventDate "2009.07.28"]
[EventType "swiss"]
[EventRounds "9"]
[EventCountry "ESP"]
[Source "lmi"]
[SourceDate "2009.07.28"]

1. d4 d5 2. c4 c6 3. Nc3 Nf6 4. e3 g6 5. Nf3 Bg7 6. Be2 O-O 7. O-O Nbd7 8. b3
b6 9. Bb2 Bb7 10. cxd5 cxd5 11. Rc1 Ne4 12. Nxe4 dxe4 13. Nd2 Nf6 14. Qc2 Rc8
15. Qb1 Qd7 16. a4 Qf5 17. h3 Bh6 18. Ba3 Nd5 19. Bg4 Rxc1 20. Rxc1 Qf6 21.
Nxe4 Qg7 22. Ng3 Nxe3 23. Rc7 Nxg4 24. hxg4 Bd5 25. Bxe7 Qxd4 26. Bxf8 Bxf8 27.
Rd7 Bc5 28. Qe1 a5 29. Qe2 Qa1+ 30. Kh2 Be6 31. Rd1 Qf6 32. Kg1 Be7 33. Rd3 Qf4
34. Qf3 Qc1+ 35. Rd1 Qb2 36. Re1 Qd2 37. Rd1 Qb2 38. Re1 Qd2 39. Rd1 Qb2
1/2-1/2

[Event "España ch 2009 femenino"]
[Site "Almansa ESP"]
[Date "2009.07.30"]
[Round "4.5"]
[White "Sanchez Martin, Vanessa"]
[Black "Jimenez Lupianez, Laura"]
[Result "0-1"]
[WhiteElo "2102"]
[BlackElo "1968"]
[PlyCount "89"]
[EventDate "2009.07.28"]
[EventType "swiss"]
[EventRounds "9"]
[EventCountry "ESP"]
[Source "lmi"]
[SourceDate "2009.07.28"]

1. e4 e5 2. Nf3 Nc6 3. Bb5 a6 4. Ba4 Nf6 5. O-O Be7 6. d3 d6 7. c3 b5 8. Bb3
O-O 9. a4 Bb7 10. Qe2 Na5 11. Bc2 c5 12. Nbd2 Nc6 13. Rd1 Qc7 14. Nf1 Rfe8 15.
Bg5 h6 16. Bh4 Nh7 17. Ne3 Bxh4 18. Nxh4 Ne7 19. Qf3 Ng5 20. Qg3 d5 21. Nhf5 d4
22. cxd4 Nxf5 23. Nxf5 cxd4 24. Bb3 bxa4 25. Rxa4 Qb6 26. Ra3 Qf6 27. f3 Bc8
28. h4 Ne6 29. Nd6 Rd8 30. Nxc8 Rdxc8 31. Ra5 Rc5 32. Rda1 Rxa5 33. Rxa5 Nf4
34. Qe1 Nxd3 35. Qd2 Qxh4 36. Bc4 Nxb2 37. Bf1 Rb8 38. Ra2 d3 39. Rxb2 Rxb2 40.
Qxb2 Qe1 41. Qb8+ Kh7 42. Qxe5 d2 43. Qf5+ Kg8 44. Qc8+ Kh7 45. Qf5+ 0-1

[Event "España ch 2009 femenino"]
[Site "Almansa ESP"]
[Date "2009.07.30"]
[Round "4.6"]
[White "Romero Diez, Sandra"]
[Black "Gutierrez Castillo, Paloma"]
[Result "0-1"]
[WhiteElo "1833"]
[BlackElo "2132"]
[PlyCount "70"]
[EventDate "2009.07.28"]
[EventType "swiss"]
[EventRounds "9"]
[EventCountry "ESP"]
[Source "lmi"]
[SourceDate "2009.07.28"]

1. d4 Nf6 2. c4 g6 3. Nc3 Bg7 4. e4 d6 5. f3 O-O 6. Bg5 c6 7. d5 c5 8. Qd2 Nbd7
9. Nh3 Nh5 10. g4 Ne5 11. Be2 Nf6 12. Nf2 Ne8 13. h4 f6 14. Be3 a6 15. f4 Nf7
16. e5 fxe5 17. f5 gxf5 18. gxf5 Bxf5 19. Rg1 Kh8 20. Nce4 Nf6 21. Ng3 e6 22.
dxe6 Bxe6 23. Bd3 b5 24. cxb5 axb5 25. Nf5 Bxf5 26. Bxf5 Qa5 27. b4 Qxb4 28.
Qxb4 cxb4 29. Be6 Bh6 30. Bxh6 Nxh6 31. Nd3 Rae8 32. Bb3 Nf5 33. Nxb4 Nxh4 34.
Ke2 Nf5 35. Bd1 Ne4 0-1

[Event "España ch 2009 femenino"]
[Site "Almansa ESP"]
[Date "2009.07.30"]
[Round "4.7"]
[White "Perera Borrego, Mariela"]
[Black "Rodriguez Vinuesa, Azahara"]
[Result "1/2-1/2"]
[WhiteElo "1969"]
[BlackElo "2106"]
[PlyCount "70"]
[EventDate "2009.07.28"]
[EventType "swiss"]
[EventRounds "9"]
[EventCountry "ESP"]
[Source "lmi"]
[SourceDate "2009.07.28"]

1. d4 Nf6 2. Nf3 c5 3. e3 e6 4. Bd3 b6 5. O-O Bb7 6. c4 Be7 7. Nc3 O-O 8. d5 d6
9. e4 e5 10. Qe2 Bc8 11. Ne1 g6 12. g3 Bh3 13. Ng2 Nbd7 14. f4 Ng4 15. Nd1 Bf6
16. Nf2 Nxf2 17. Qxf2 Bg7 18. Kh1 exf4 19. gxf4 f5 20. Qg3 Bxg2+ 21. Qxg2 fxe4
22. Bxe4 Qh4 23. Rb1 Rae8 24. Bd3 Kh8 25. Bd2 Bd4 26. Rf3 Qf6 27. Rh3 Rg8 28.
Qg4 Rg7 29. b3 Kg8 30. Rf1 Qf7 31. Rg3 Nf6 32. Qf3 Nd7 33. Rg2 Qf6 34. Re2 Rge7
35. Rfe1 Ne5 1/2-1/2

[Event "España ch 2009 femenino"]
[Site "Almansa ESP"]
[Date "2009.07.30"]
[Round "4.8"]
[White "Gonzalez Berruga, Ana Isabel"]
[Black "Gallego Gonzalez, Agueda"]
[Result "1-0"]
[WhiteElo "2065"]
[BlackElo "1958"]
[PlyCount "93"]
[EventDate "2009.07.28"]
[EventType "swiss"]
[EventRounds "9"]
[EventCountry "ESP"]
[Source "lmi"]
[SourceDate "2009.07.28"]

1. d4 d5 2. c4 e6 3. Nc3 Be7 4. Nf3 Nf6 5. Qc2 c6 6. e3 O-O 7. Bd2 Nbd7 8. a3
Re8 9. Rd1 Qc7 10. Bd3 h6 11. O-O Bf8 12. cxd5 exd5 13. Rfe1 a6 14. h3 Bd6 15.
g4 Nf8 16. e4 dxe4 17. Nxe4 Nxe4 18. Bxe4 Be6 19. Ne5 Rad8 20. Kg2 Qc8 21. Ba5
Bc7 22. Bxc7 Qxc7 23. d5 Bd7 24. Nxd7 Nxd7 25. dxc6 bxc6 26. Qxc6 Qxc6 27. Bxc6
Rxe1 28. Rxe1 Nf6 29. Re7 Rd6 30. Rc7 g6 31. Bf3 Kg7 32. Rc6 Rxc6 33. Bxc6 a5
34. b4 axb4 35. axb4 Kf8 36. b5 Ke7 37. b6 Kd6 38. b7 Kc7 39. Kf3 g5 40. Ke3 h5
41. f3 hxg4 42. fxg4 Ng8 43. Bd5 Ne7 44. Bxf7 Kxb7 45. Ke4 Kc7 46. Ke5 Nc6+ 47.
Kf5 1-0

[Event "España ch 2009 femenino"]
[Site "Almansa ESP"]
[Date "2009.07.31"]
[Round "5.1"]
[White "Garcia Vicente, Nieves"]
[Black "Calzetta Ruiz, Monica"]
[Result "1/2-1/2"]
[WhiteElo "2193"]
[BlackElo "2344"]
[PlyCount "82"]
[EventDate "2009.07.28"]
[EventType "swiss"]
[EventRounds "9"]
[EventCountry "ESP"]
[Source "lmi"]
[SourceDate "2009.07.28"]

1. d4 Nf6 2. Nf3 g6 3. c4 d6 4. Nc3 Bg7 5. Bg5 O-O 6. h3 c5 7. e3 Qa5 8. Qd2
cxd4 9. exd4 Nc6 10. Be2 e5 11. d5 Nd4 12. Nxd4 exd4 13. Nb5 Qb6 14. Qxd4 Qxd4
15. Nxd4 Nxd5 16. O-O-O h6 17. Bh4 Nf4 18. Bf3 Be5 19. Bg3 a6 20. Rhe1 Rb8 21.
Ne2 g5 22. Bxf4 gxf4 23. Nc3 Be6 24. Nd5 Kg7 25. Nb6 Bxc4 26. Nxc4 Rfc8 27. b3
b5 28. Bd5 bxc4 29. Bxc4 a5 30. Kc2 a4 31. Kd3 axb3 32. Bxb3 Rc3+ 33. Ke2 Rbc8
34. Rd3 R3c5 35. Red1 Kf6 36. Rf3 Ke7 37. g3 fxg3 38. fxg3 f6 39. g4 Rc3 40.
Rfd3 Kf8 41. Rxc3 Rxc3 1/2-1/2

[Event "España ch 2009 femenino"]
[Site "Almansa ESP"]
[Date "2009.07.31"]
[Round "5.2"]
[White "Vega Gutierrez, Sabrina"]
[Black "Gutierrez Castillo, Paloma"]
[Result "1/2-1/2"]
[WhiteElo "2352"]
[BlackElo "2132"]
[PlyCount "105"]
[EventDate "2009.07.28"]
[EventType "swiss"]
[EventRounds "9"]
[EventCountry "ESP"]
[Source "lmi"]
[SourceDate "2009.07.28"]

1. e4 e5 2. Nf3 Nc6 3. Bb5 Nf6 4. O-O Nxe4 5. d4 Nd6 6. dxe5 Nxb5 7. a4 Nbd4 8.
Nxd4 Nxd4 9. Qxd4 d5 10. Nc3 c6 11. Qd3 Qd7 12. Ne2 Qf5 13. Qc3 c5 14. f4 d4
15. Qb3 Qe6 16. Qf3 Qg4 17. f5 Qxf3 18. Rxf3 Bd7 19. Bg5 Bc6 20. Rf4 h6 21. Bh4
Be7 22. Bxe7 Kxe7 23. f6+ gxf6 24. Rxf6 Rag8 25. Ng3 h5 26. Raf1 h4 27. Nf5+
Kd8 28. Rf2 h3 29. g3 Rg5 30. Nd6 Bd5 31. Nxf7+ Bxf7 32. Rxf7 Rxe5 33. Rxb7
Rhe8 34. Rb8+ Kc7 35. Rxe8 Rxe8 36. Rf7+ Kb6 37. Kf2 c4 38. Rd7 Re4 39. Kf3
Re3+ 40. Kg4 Kc5 41. Kxh3 d3 42. cxd3 cxd3 43. Kg2 Kc4 44. Kf2 Re2+ 45. Kf3
Rxb2 46. Rxa7 Rxh2 47. a5 d2 48. Rd7 Kc3 49. a6 Rh8 50. Rc7+ Kd3 51. Rd7+ Kc2
52. Rc7+ Kd3 53. Rd7+ 1/2-1/2

[Event "España ch 2009 femenino"]
[Site "Almansa ESP"]
[Date "2009.07.31"]
[Round "5.3"]
[White "Vega Gutierrez, Belinda"]
[Black "Gil Quilez, Sonia"]
[Result "1/2-1/2"]
[WhiteElo "2254"]
[BlackElo "2017"]
[PlyCount "97"]
[EventDate "2009.07.28"]
[EventType "swiss"]
[EventRounds "9"]
[EventCountry "ESP"]
[Source "lmi"]
[SourceDate "2009.07.28"]

1. e4 e5 2. Nf3 Nc6 3. d4 exd4 4. Nxd4 Bc5 5. Be3 Qf6 6. Nb5 Bxe3 7. fxe3 Qd8
8. Qg4 g6 9. Qf4 d6 10. Bc4 Ne5 11. O-O Qd7 12. Nd2 a6 13. Nd4 Qe7 14. Bb3 Bd7
15. N4f3 Nxf3+ 16. Nxf3 O-O-O 17. e5 Be6 18. Bxe6+ fxe6 19. Nd4 dxe5 20. Qxe5
Nh6 21. Rf6 Ng4 22. Qxe6+ Qxe6 23. Rxe6 Nxe3 24. Rxe3 Rxd4 25. Rae1 Rhd8 26.
Kf2 Rd2+ 27. R1e2 Rxe2+ 28. Rxe2 Rd6 29. Kf3 Kd7 30. Kf4 h6 31. g4 Re6 32. Rd2+
Rd6 33. Rg2 Rf6+ 34. Ke5 Re6+ 35. Kf4 Rf6+ 36. Kg3 Re6 37. Rd2+ Ke7 38. Rd3 Rb6
39. Re3+ Kd7 40. b3 Rc6 41. Rd3+ Rd6 42. Rf3 Ke7 43. Rc3 Kd7 44. h4 Re6 45. Kf4
Rf6+ 46. Kg3 Re6 47. Kf4 Rf6+ 48. Kg3 Re6 49. Kf4 1/2-1/2

[Event "España ch 2009 femenino"]
[Site "Almansa ESP"]
[Date "2009.07.31"]
[Round "5.4"]
[White "Gonzalez Perez, Lutgarda"]
[Black "Gonzalez Berruga, Ana Isabel"]
[Result "1-0"]
[WhiteElo "2140"]
[BlackElo "2065"]
[PlyCount "41"]
[EventDate "2009.07.28"]
[EventType "swiss"]
[EventRounds "9"]
[EventCountry "ESP"]
[Source "lmi"]
[SourceDate "2009.07.28"]

1. d4 d5 2. Nf3 Nf6 3. g3 b6 4. Bg2 Bb7 5. O-O Nbd7 6. Ne5 Nxe5 7. dxe5 Ng4 8.
e4 Nxe5 9. exd5 Qd7 10. Qe2 Ng4 11. c4 Nf6 12. Nc3 O-O-O 13. Bf4 a6 14. a4 h5
15. h4 Kb8 16. a5 b5 17. cxb5 axb5 18. a6 Bxd5 19. Nxd5 Nxd5 20. Bxd5 Qxd5 21.
Rfd1 1-0

[Event "España ch 2009 femenino"]
[Site "Almansa ESP"]
[Date "2009.07.31"]
[Round "5.5"]
[White "Jimenez Lupianez, Laura"]
[Black "Guadamuro Torrente, Anabel"]
[Result "1/2-1/2"]
[WhiteElo "1968"]
[BlackElo "2136"]
[PlyCount "87"]
[EventDate "2009.07.28"]
[EventType "swiss"]
[EventRounds "9"]
[EventCountry "ESP"]
[Source "lmi"]
[SourceDate "2009.07.28"]

1. d4 d5 2. c4 c6 3. Nc3 Nf6 4. e3 a6 5. Nf3 b5 6. c5 Bf5 7. Ne5 g6 8. Be2 Bg7
9. Qb3 Nfd7 10. f4 Nxe5 11. fxe5 Nd7 12. a4 f6 13. exf6 Nxf6 14. O-O O-O 15.
Bd2 Qc7 16. axb5 axb5 17. Ra2 Rxa2 18. Qxa2 e5 19. b4 exd4 20. exd4 Ng4 21.
Bxg4 Bxd4+ 22. Kh1 Bxg4 23. Rxf8+ Kxf8 24. Bh6+ Kf7 25. Nxb5 Qe5 26. Qa7+ Ke6
27. Nxd4+ Qxd4 28. h3 Bf5 29. Qa8 Qxb4 30. Qxc6+ Ke5 31. Qe8+ Kd4 32. c6 Qb1+
33. Kh2 Qe4 34. Qh8+ Qe5+ 35. Qxe5+ Kxe5 36. Kg3 Kd6 37. Kf4 Kxc6 38. Ke5 Kc5
39. Be3+ Kc4 40. h4 h5 41. g3 Kd3 42. Bd4 Be4 43. Bc5 Ke2 44. Kd4 1/2-1/2

[Event "España ch 2009 femenino"]
[Site "Almansa ESP"]
[Date "2009.07.31"]
[Round "5.6"]
[White "Rodriguez Vinuesa, Azahara"]
[Black "Penas Hernandez, Yolanda"]
[Result "1/2-1/2"]
[WhiteElo "2106"]
[BlackElo "2027"]
[PlyCount "181"]
[EventDate "2009.07.28"]
[EventType "swiss"]
[EventRounds "9"]
[EventCountry "ESP"]
[Source "lmi"]
[SourceDate "2009.07.28"]

1. e4 e5 2. Nf3 Nc6 3. Bb5 a6 4. Ba4 Nf6 5. Qe2 b5 6. Bb3 Bc5 7. c3 O-O 8. O-O
d6 9. Rd1 Qe7 10. d3 Bg4 11. h3 Bd7 12. Be3 Bxe3 13. fxe3 Na5 14. Bc2 c5 15.
Nbd2 Rfc8 16. Nf1 Rab8 17. a3 Nc6 18. Ng3 g6 19. Rf1 a5 20. Qf2 Kg7 21. Bb3 Rf8
22. a4 b4 23. Bc4 bxc3 24. bxc3 h6 25. Rab1 Be6 26. Qa2 Rfd8 27. Bd5 Na7 28.
Qc4 Nxd5 29. exd5 Bd7 30. d4 e4 31. Nd2 Qg5 32. Ndxe4 Qxe3+ 33. Kh2 Rxb1 34.
Rxb1 h5 35. dxc5 h4 36. Nf1 Qf4+ 37. Kg1 dxc5 38. Rb7 Nc8 39. Ned2 Qd6 40. Ne4
Qf4 41. Ned2 Qxc4 42. Nxc4 Bxa4 43. Nfe3 Nd6 44. Nxd6 Rxd6 45. Ra7 Bb3 46. Rxa5
c4 47. Rc5 Kf6 48. Nxc4 Bxc4 49. Rxc4 Rxd5 50. Rxh4 Rc5 51. c4 Ke5 52. Rg4 Rc6
53. Kf2 f5 54. Rg3 Rxc4 55. Rxg6 Rh4 56. Ra6 Rh7 57. Kf3 Rb7 58. Ra3 Rb4 59.
Rc3 Ra4 60. g3 Rb4 61. h4 Kf6 62. Rc6+ Kg7 63. Rd6 Rg4 64. Ra6 Rb4 65. Rc6 Ra4
66. Rb6 Rc4 67. Rb7+ Kg6 68. Rb6+ Kg7 69. h5 Rg4 70. h6+ Kh7 71. Rf6 Ra4 72.
Rxf5 Kxh6 73. Rf4 Ra5 74. Kg4 Kg6 75. Rb4 Rc5 76. Rb6+ Kg7 77. Kh4 Ra5 78. g4
Ra1 79. Rb7+ Kg6 80. Rb6+ Kg7 81. Kh5 Ra5+ 82. g5 Ra7 83. Rf6 Rb7 84. Rg6+ Kh7
85. Re6 Kg7 86. Kg4 Rb5 87. Re7+ Kg6 88. Re6+ Kg7 89. Kh5 Rb7 90. Rf6 Ra7 91.
Rc6 1/2-1/2

[Event "España ch 2009 femenino"]
[Site "Almansa ESP"]
[Date "2009.07.31"]
[Round "5.7"]
[White "Collado Barbas, Laura"]
[Black "Sanchez Martin, Vanessa"]
[Result "1/2-1/2"]
[WhiteElo "2055"]
[BlackElo "2102"]
[PlyCount "54"]
[EventDate "2009.07.28"]
[EventType "swiss"]
[EventRounds "9"]
[EventCountry "ESP"]
[Source "lmi"]
[SourceDate "2009.07.28"]

1. d4 Nf6 2. c4 e6 3. Nc3 Bb4 4. Qc2 c5 5. dxc5 O-O 6. a3 Bxc5 7. Nf3 b6 8. Bg5
Bb7 9. e3 Be7 10. Be2 Nc6 11. O-O Nh5 12. Bxe7 Qxe7 13. Rfd1 f5 14. Rd2 g5 15.
Qd1 Rad8 16. Nxg5 Qxg5 17. Bxh5 Na5 18. f4 Qg7 19. Rf2 Nxc4 20. Qd4 Qxd4 21.
exd4 Rc8 22. Rc1 Nd6 23. Rfc2 Rc4 24. Rd1 Ne4 25. Be2 Rc7 26. Bd3 Rfc8 27. Bxe4
Bxe4 1/2-1/2

[Event "España ch 2009 femenino"]
[Site "Almansa ESP"]
[Date "2009.07.31"]
[Round "5.8"]
[White "Perera Borrego, Mariela"]
[Black "Grau Carreras, Monica"]
[Result "1-0"]
[WhiteElo "1969"]
[BlackElo "2084"]
[PlyCount "89"]
[EventDate "2009.07.28"]
[EventType "swiss"]
[EventRounds "9"]
[EventCountry "ESP"]
[Source "lmi"]
[SourceDate "2009.07.28"]

1. d4 Nf6 2. Nf3 c5 3. dxc5 e6 4. e3 Bxc5 5. Be2 O-O 6. O-O Nc6 7. Nbd2 d5 8.
c4 a6 9. a3 dxc4 10. Nxc4 b5 11. Nce5 Nxe5 12. Qxd8 Rxd8 13. Nxe5 Bb7 14. b4
Bb6 15. a4 Bc7 16. Nd3 Ne4 17. Bb2 bxa4 18. Rfc1 Bb6 19. Rxa4 h6 20. Raa1 Rd5
21. Rc4 Rd7 22. Rc2 Rad8 23. Ne5 Rd2 24. Rac1 Rxc2 25. Rxc2 Nd6 26. Nc6 Rd7 27.
Nb8 Rd8 28. Nxa6 Bd5 29. h3 f6 30. Ba3 Kf7 31. b5 Nb7 32. Bb4 Be4 33. Rc1 Bd5
34. Bf3 Na5 35. Be2 g6 36. Rc3 f5 37. Nc5 Kf6 38. Na4 Nc4 39. Bxc4 Bxc4 40.
Rxc4 Rd1+ 41. Kh2 Ba7 42. b6 Bb8+ 43. g3 g5 44. Nc5 Be5 45. Bc3 1-0

[Event "España ch 2009 femenino"]
[Site "Almansa ESP"]
[Date "2009.08.01"]
[Round "6.1"]
[White "Calzetta Ruiz, Monica"]
[Black "Gonzalez Perez, Lutgarda"]
[Result "1/2-1/2"]
[WhiteElo "2344"]
[BlackElo "2140"]
[PlyCount "108"]
[EventDate "2009.07.28"]
[EventType "swiss"]
[EventRounds "9"]
[EventCountry "ESP"]
[Source "lmi"]
[SourceDate "2009.07.28"]

1. e4 c6 2. d4 d5 3. Nd2 dxe4 4. Nxe4 Bf5 5. Ng3 Bg6 6. h4 h6 7. Nf3 Nd7 8. h5
Bh7 9. Bd3 Bxd3 10. Qxd3 Qc7 11. Bd2 e6 12. O-O-O Ngf6 13. Ne4 O-O-O 14. g3
Nxe4 15. Qxe4 Nf6 16. Qe2 Bd6 17. Kb1 Rhe8 18. c4 c5 19. Bc3 Qc6 20. Rh4 a6 21.
Rc1 Qc7 22. dxc5 Qxc5 23. Ka1 Bc7 24. b4 Qf5 25. Nd4 Qh7 26. b5 e5 27. Nb3 Qd3
28. Qb2 Qf3 29. Nd2 Qxf2 30. bxa6 Qb6 31. axb7+ Qxb7 32. Qc2 e4 33. c5 Bxg3 34.
c6 Qa6 35. Rxe4 Nxe4 36. Nxe4 Be5 37. Nc5 Bxc3+ 38. Qxc3 Qe2 39. Qh3+ Re6 40.
Nxe6 Qxe6 41. Qxe6+ fxe6 42. Rg1 Rd5 43. Rxg7 Rxh5 44. Rg6 Kc7 45. Rxe6 Rc5 46.
Rxh6 Rxc6 47. Rh7+ Kb6 48. Kb2 Rg6 49. Rh4 Rg2+ 50. Kb3 Rg3+ 51. Kb4 Rg2 52.
Rh6+ Kb7 53. a4 Rg4+ 54. Kb5 Rg5+ 1/2-1/2

[Event "España ch 2009 femenino"]
[Site "Almansa ESP"]
[Date "2009.08.01"]
[Round "6.2"]
[White "Vega Gutierrez, Sabrina"]
[Black "Garcia Vicente, Nieves"]
[Result "1-0"]
[WhiteElo "2352"]
[BlackElo "2193"]
[PlyCount "97"]
[EventDate "2009.07.28"]
[EventType "swiss"]
[EventRounds "9"]
[EventCountry "ESP"]
[Source "lmi"]
[SourceDate "2009.07.28"]

1. e4 e5 2. Nf3 Nc6 3. Bb5 Nf6 4. O-O Bc5 5. c3 O-O 6. d4 Bb6 7. Bg5 h6 8. Bh4
d6 9. Qd3 Qe7 10. Nbd2 Bd7 11. Rfe1 a6 12. Bxc6 Bxc6 13. dxe5 dxe5 14. Nc4 Qe6
15. Bxf6 gxf6 16. Ne3 Rad8 17. Qc2 Kh7 18. Nh4 Rg8 19. Nhf5 Rg5 20. h4 Rg6 21.
c4 Bxe3 22. Rxe3 Rg4 23. f3 Rg6 24. b3 Rdg8 25. Re2 Bd7 26. Rd1 Qc6 27. Qd3 Be6
28. Kh2 Re8 29. Ne3 h5 30. Red2 Qc5 31. Nf5 Rgg8 32. Qe3 Qf8 33. Rd3 Bxf5 34.
exf5 Qg7 35. Qf2 e4 36. fxe4 Rxe4 37. R1d2 Qg4 38. Rd7 Rg7 39. R7d4 c5 40. Rxe4
Qxe4 41. Re2 Qc6 42. Qf3 Qc7+ 43. g3 Rg4 44. Kh3 Qd6 45. Re8 b6 46. Re3 Qd4 47.
Rd3 Qg1 48. Rd7 Kg7 49. Rd1 1-0